000 00503nam a2200169Ia 4500
999 _c25531
_d25531
003 OSt
005 20201123104655.0
008 190216s9999||||xx |||||||||||||| ||und||
040 _coclc
082 _a920
_bAKS/L
100 _aAksyutin, Yoori
_96839
245 0 _aV I Lenin :
_bSamarajeevidathil ninnulla Edugal /
_cYoori Aksyutin
260 _bSoviet Nadu Publications,
_aMadras:
_c1984.
300 _a96p
650 _aOormakurip
942 _cBK
_2ddc
_h920
_iAKS/L
_k920
_mAKS/L